000 00287nam a2200121Ia 4500
008 191201s2013 xx 000 0 und d
100 _aPUNMIA, B.C.
245 0 _aBulding Construction
260 _aN. delhi
_bLaxmi Pub
_c2013
300 _a666+6
650 _aB.Tech(CE)
942 _2ddc
_cBK
999 _c6325
_d6325